书目信息 |
| 题名: |
施工企业会计
|
|
| 作者: | 周龙腾 编著 | |
| 分册: | ||
| 出版信息: | 北京 中国宇航出版社 2010 |
|
| 页数: | 303页 | |
| 开本: | 23cm | |
| 丛书名: | ||
| 单 册: | ||
| 中图分类: | F407.967.2 | |
| 科图分类: | ||
| 主题词: | 施工单位--基本建设会计 , 施工单位 , 基本建设会计 | |
| 电子资源: | ||
| ISBN: | 978-7-80218-690-3 | |
| 000 | 00814nam0 2200253 45 | |
| 001 | 1138453125 | |
| 005 | 20110419092437.45 | |
| 010 | @a978-7-80218-690-3@dCNY42.00 | |
| 100 | @a20110409d2010 em y0chiy0110 ea | |
| 101 | 0 | @achi |
| 102 | @aCN@b110000 | |
| 105 | @ay z 000yy | |
| 106 | @ar | |
| 200 | 1 | @a施工企业会计@AShi Gong Qi Ye Kuai Ji@f周龙腾编著@FZhou Long Teng Bian Zhu |
| 210 | @a北京@c中国宇航出版社@d2010 | |
| 215 | @a303页@d23cm | |
| 330 | @a本书涵盖了施工企业的全部日常经营业务,囊括了会计核算的各种情况,严格依据《企业会计准则》的要求解决各种实务问题。 | |
| 606 | 0 | @a施工单位@x基本建设会计 |
| 606 | 0 | @a施工单位 |
| 606 | 0 | @a基本建设会计 |
| 690 | @aF407.967.2@v4 | |
| 701 | 0 | @a周龙腾@AZhou Long Teng@4编著 |
| 801 | 0 | @aCN@bTANGWEI@c20110419 |
| 905 | @b0535809-11@dF407.967.2@e205@f3 | |
| 施工企业会计/周龙腾编著.-北京:中国宇航出版社,2010 |
| 303页;23cm |
| ISBN 978-7-80218-690-3:CNY42.00 |
| 本书涵盖了施工企业的全部日常经营业务,囊括了会计核算的各种情况,严格依据《企业会计准则》的要求解决各种实务问题。 |
| ● |
| 相关链接 |
|
|
|
|
正题名:施工企业会计
索取号:F407.967.2/205
 
预约/预借
| 序号 | 登录号 | 条形码 | 馆藏地/架位号 | 状态 | 备注 |
| 1 | 0535809 | 205358094 | 第一样本阅览室/ [索取号:F407.967.2/205] | 在馆 | |
| 2 | 0535810 | 205358101 | 第一借阅区/ [索取号:F407.967.2/205] | 在馆 | |
| 3 | 0535811 | 205358110 | 第一借阅区/ [索取号:F407.967.2/205] | 在馆 |